[Event "POL-ch U18 Girls"]
[Site "Leba"]
[Date "2008.04.03"]
[Round "8"]
[White "Sikorska, Agata"]
[Black "Cieslar, Monika"]
[Result "1/2-1/2"]
[WhiteElo "1596"]
[BlackElo "1771"]
[PlyCount "78"]
[EventDate "2008.03.29"]
[EventType "swiss"]
[EventRounds "11"]
[EventCountry "POL"]
[SourceTitle "CBM 123 Extra"]
[Source "ChessBase"]
[SourceDate "2008.05.06"]
[SourceVersion "1"]
[SourceVersionDate "2008.05.06"]
[SourceQuality "1"]

1. c4 Nf6 2. Nc3 g6 3. g3 Bg7 4. Bg2 d6 5. Nf3 0-0 6. d3 e5 7. 0-0 Nc6 8. Rb1 a5 9. a3 Nh5 10. b4 axb4 11. axb4 f5 12. Bg5 Nf6 13. Nd5 Ne7 14. Nxf6+ Bxf6 15. Bxf6 Rxf6 16. Qb3 Kg7 17. b5 h6 18. c5 e4 19. dxe4 fxe4 20. cxd6 cxd6 21. Nd4 Nf5 22. Qd5 Ra4 23. Rbd1 Qb6 24. Nxf5+ gxf5 25. Rb1 Be6 26. Qd2 Ra2 27. Rb2 Rxb2 28. Qxb2 Bc4 29. Rb1 d5 30. e3 Kg6 31. Bf1 Bxf1 32. Kxf1 Rf8 33. Qe5 Rd8 34. Rb4 Qd6 35. Qxd6+ Rxd6 36. Ke2 Kf6 37. f4 Ke6 38. Kd2 Rb6 39. Kc3 Rd6 1/2-1/2

[Event "POL-ch U16 Girls"]
[Site "Leba"]
[Date "2007.03.27"]
[Round "6"]
[White "Gora, Joanna"]
[Black "Cieslar, Monika"]
[Result "1-0"]
[WhiteElo "1600"]
[BlackElo "1773"]
[PlyCount "59"]
[EventDate "2007.03.24"]
[EventType "swiss"]
[EventRounds "11"]
[EventCountry "POL"]
[SourceTitle "EXT 2011"]
[Source "ChessBase"]
[SourceDate "2010.11.26"]
[SourceVersion "1"]
[SourceVersionDate "2010.11.26"]
[SourceQuality "1"]

1. e4 d6 2. d4 Nf6 3. Nc3 g6 4. f4 Bg7 5. Nf3 c5 6. Bb5+ Bd7 7. e5 Ng4 8. e6 fxe6 9. Ng5 Bxb5 10. Nxe6 Qc8 11. Nxg7+ Kf8 12. Nxb5 Kxg7 13. Qe2 Re8 14. h3 Nf6 15. dxc5 dxc5 16. Bd2 a6 17. Nc3 Nc6 18. 0-0-0 Nd4 19. Qf2 b6 20. Rhe1 Qc6 21. Be3 Nf5 22. g4 Nxe3 23. Rxe3 Qc7 24. Rde1 Ra7 25. g5 Ng8 26. Re6 b5 27. Nd5 Qc8 28. Nf6 Nxf6 29. gxf6+ Kf7 30. h4 1-0

[Event "POL-chT3 U19 Slaska"]
[Site "Slask"]
[Date "2007.03.17"]
[Round "5.11"]
[White "Cieslar, Monika"]
[Black "Janik, Lidia"]
[Result "1-0"]
[WhiteElo "1773"]
[BlackElo "1600"]
[PlyCount "47"]
[EventDate "2007.01.27"]
[EventType "team-tourn"]
[EventRounds "11"]
[EventCountry "POL"]
[SourceTitle "EXT 2019"]
[Source "ChessBase"]
[SourceDate "2018.10.10"]
[SourceVersion "1"]
[SourceVersionDate "2018.10.10"]
[SourceQuality "1"]
[WhiteTeam "Cieszyn MUKS SZS U19"]
[BlackTeam "Tychy Jedynka U19"]
[WhiteTeamCountry "POL"]
[BlackTeamCountry "POL"]

1. e4 c5 2. Nf3 Nc6 3. d4 cxd4 4. Nxd4 Nf6 5. Nc3 d6 6. f3 g6 7. Be3 Bg7 8. Qd2 Bd7 9. Bc4 0-0 10. 0-0-0 a6 11. h4 b5 12. Bb3 Na5 13. g4 h5 14. gxh5 Nxh5 15. Rdg1 Nxb3+ 16. Nxb3 a5 17. Bh6 b4 18. Nd5 e6 19. Bxg7 Kxg7 20. Nf4 Rh8 21. Qxd6 Qe8 22. Qe5+ f6 23. Nxh5+ Rxh5 24. Qxh5 1-0